क्रौंच की चीख / (Record no. 112579)

MARC details
000 -LEADER
fixed length control field 01046nam a22002537a 4500
005 - DATE AND TIME OF LATEST TRANSACTION
control field 20170124102941.0
010 ## - LIBRARY OF CONGRESS CONTROL NUMBER
LC control number A-739622
020 ## - INTERNATIONAL STANDARD BOOK NUMBER
Terms of availability 50.00
International Standard Book Number 8185828164
035 ## - SYSTEM CONTROL NUMBER
System control number A-739622
037 ## - SOURCE OF ACQUISITION
Source of stock number/acquisition Cen Lib/Ret
040 ## - CATALOGING SOURCE
Original cataloging agency DPL
Language of cataloging HN
082 ## - DEWEY DECIMAL CLASSIFICATION NUMBER
Classification number 821
Item number उपाध्या
100 ## - MAIN ENTRY--PERSONAL NAME
Personal name उपाध्याय, रामनारायण
9 (RLIN) 43407
245 ## - TITLE STATEMENT
Title क्रौंच की चीख /
Statement of responsibility, etc रामनारायण उपाध्याय
246 ## - VARYING FORM OF TITLE
Title proper/short title Kraunch ki cheekh
Remainder of title by Ram Narayan Upadhyay
260 ## - PUBLICATION, DISTRIBUTION, ETC. (IMPRINT)
Place of publication, distribution, etc नयी दिल्ली
Name of publisher, distributor, etc विद्या विहार
Date of publication, distribution, etc 1995
270 ## - ADDRESS
City नयी दिल्ली
Postal code 110002
Address 1685, कूचा दखनीराय , दरिया गंज
300 ## - PHYSICAL DESCRIPTION
Extent 104पृ.
Dimensions 17सेमी (सजिल्द)
650 ## - SUBJECT ADDED ENTRY--TOPICAL TERM
Topical term or geographic name as entry element हिन्दी साहित्य
9 (RLIN) 48266
650 ## - SUBJECT ADDED ENTRY--TOPICAL TERM
Topical term or geographic name as entry element कविताएं
9 (RLIN) 48267
650 ## - SUBJECT ADDED ENTRY--TOPICAL TERM
Topical term or geographic name as entry element Hindi literature
9 (RLIN) 48268
650 ## - SUBJECT ADDED ENTRY--TOPICAL TERM
Topical term or geographic name as entry element Poetry
9 (RLIN) 48269
942 ## - ADDED ENTRY ELEMENTS (KOHA)
Source of classification or shelving scheme Dewey Decimal Classification
Koha item type Hindi Books
Classification part 821
Call number suffix उपाध्या
Holdings
Withdrawn status Lost status Damaged status Not for loan Home library Current library Date acquired Source of acquisition Cost, normal purchase price Total Checkouts Full call number Barcode Date last seen Date checked out Copy number Cost, replacement price Price effective from Koha item type
        Central Library Central Library 08/08/2015 Cen Lib/Ret 50.00 1 821 उपाध्या A-739622 17/12/2024 03/12/2024 1 50.00 08/08/2015 Hindi Books

© Delhi Public Library
Hit Counter
free hit counter